POLITICAS de investigación y producción de ciencias sociales en México (Record no. 7882)
[ view plain ]
| 000 -CABECERA | |
|---|---|
| campo de control de longitud fija | 01615cam a22002292a 4500 |
| 001 - NÚMERO DE CONTROL | |
| campo de control | 002047 |
| 003 - IDENTIFICADOR DEL NÚMERO DE CONTROL | |
| campo de control | AR-FADEU |
| 008 - DATOS DE LONGITUD FIJA--INFORMACIÓN GENERAL | |
| campo de control de longitud fija | 311216n1984####xxu####################dd |
| 020 ## - NÚMERO INTERNACIONAL ESTÁNDAR DEL LIBRO | |
| Número Internacional Estándar del Libro | 968-845-019-7 |
| 092 ## - ASIGNACIÓN LOCAL DE SIGNATURA TOPOGRÁFICA DEWEY (OCLC) | |
| Número de clasificación | 001.4 |
| Número de documento/Ítem | P769 |
| 245 ## - MENCIÓN DE TÍTULO | |
| Título | POLITICAS de investigación y producción de ciencias sociales en México |
| 260 ## - PUBLICACIÓN, DISTRIBUCIÓN, ETC. (PIE DE IMPRENTA) | |
| Lugar de publicación, distribución, etc. | Querétaro |
| 260 ## - PUBLICACIÓN, DISTRIBUCIÓN, ETC. (PIE DE IMPRENTA) | |
| Nombre del editor, distribuidor, etc. | Universidad Autónoma de Querétaro |
| 260 ## - PUBLICACIÓN, DISTRIBUCIÓN, ETC. (PIE DE IMPRENTA) | |
| Fecha de publicación, distribución, etc. | 1984 |
| 300 ## - DESCRIPCIÓN FÍSICA | |
| Extensión | 206 p |
| 440 ## - MENCIÓN DE SERIE/PUNTO DE ACCESO ADICIONAL--TÍTULO | |
| Título | Política y educación en México |
| Número de parte o sección de la obra | 2 |
| 500 ## - NOTA GENERAL | |
| Nota general | Contiene: Políticas de investigación y producción de ciencias sociales en México / Consuelo González Rodríguez y Carlos I. Ruiz Ulibarri -- El campo de las ciencias de la educación : elementos de teoría e hipótesis para el análisis / Emilio Tenti Fanfani -- La investigación educativa / Angel Díaz Barriga -- Apuntes sobre la práctica y la investigación alrededor de una experiencia de trabajo pedagógica / Alfredo Furlán -- Notas acerca de las relaciones entre las prácticas pedagógicas, educativas y científicas / Monique Landesmann -- La formación pedagógica de profesores o sobre los cursos equívocos / Roberto Follari -- Los procesos de formación de los investigadores de la educación / Martiniano Arredondo G., Salvador Martínez L., Araceli Mingo G. y Teresa Wuest Silva -- Esbozo para una articulación entre modelo de desarrollo, política educativa e investigación educativa / Inés Castro, Graciela G. Guzmán Batalla y Nina Villalba Larrosa. |
| 650 ## - PUNTO DE ACCESO ADICIONAL DE MATERIA--TÉRMINO DE MATERIA | |
| Término de materia o nombre geográfico como elemento inicial | POLITICA DE INVESTIGACION-MEXICO |
| 700 ## - PUNTO DE ACCESO ADICIONAL--NOMBRE DE PERSONA | |
| Nombre de persona | Alvaro, Arreola Valdez |
| 700 ## - PUNTO DE ACCESO ADICIONAL--NOMBRE DE PERSONA | |
| Nombre de persona | César, Carrizales |
| 942 ## - ELEMENTOS DE PUNTO DE ACCESO ADICIONAL (KOHA) | |
| Tipo de ítem Koha | BDGR |
| Estado de retiro | Estado de pérdida | Estado dañado | No para préstamo | Localización permanente | Ubicación/localización actual | Fecha de adquisición | Número de inventario | Total de préstamos | Signatura topográfica completa | Código de barras | Fecha visto por última vez | Precio válido a partir de | Tipo de ítem Koha |
|---|---|---|---|---|---|---|---|---|---|---|---|---|---|
| Biblioteca Ernesto Sabato - FADECS - UNCOMA | Biblioteca Ernesto Sabato - FADECS - UNCOMA | 21/02/2017 | 4151 | 001.4 P769 | 4151 | 21/02/2017 | 21/02/2017 | BDGR |